Classifica Marcatori Pisa All-Time - Statistics

Statistiche generali
  • Questo quiz è stato fatto 2 volte
  • Il punteggio medio è 2 su 10
Statistiche sulle risposte
Gol Nazione Calciatore % Corretto
36 Italia Gaetano Masucci
100%
43 Italia Michele Marconi
50%
57 Italia Danilo Sbrana
0%
58 Italia Enzo Loni
0%
31 Italia Giampaolo Piaceri
0%
31 Italia Giorgio Giorgioni
0%
33 Danimarca Klaus Berggreen
0%
48 Italia Lamberto Piovanelli
0%
31 Marocco Rachid Arma
0%
37 Paesi Bassi Wim Kieft
0%
Nessun quiz corrispondente trovato
Distribuzione punteggi
Percentuale di utenti per punteggio
Percentile per numero di risposta
I tuoi punteggi nel tempo
Non hai fatto questo quiz